000 00608nam a2200241 a 4500
001 nice12345678
003 IN_TiNIC
005 20260116013721.0
008 050524s1997 dela grp 000 0 eng
020 _a
_c500
082 0 0 _a297.65
_bTAH
100 _aTaher, Mohd
245 _aEducational Developments in Muslim World
260 _aDelhi
_bAnmol Publishers
_c1997
300 _a281p
500 _aincludes index and biblioraphy
505 2 _aSelected Bibliography, Index
650 _aOrganizations-Muslims
700 1 _aTaher, Mohd
902 _bSRS
942 _cBK
999 _c12126
_d12126